[Event "3rd Mitropa Cup Junior"]
[Site "Saint Vincent ITA"]
[Date "2002.10.02"]
[Round "6"]
[White "Piscopo,P"]
[Black "Bellaiche,A"]
[Result "0-1"]
[WhiteElo "2289"]
[BlackElo "2369"]

1.e4 c5 2.Nf3 Nc6 3.d4 cxd4 4.Nxd4 e6 5.Nc3 Qc7 6.Be3 a6 7.Qd2 Nf6 8.O-O-O Bb4
9.f3 Ne5 10.Nb3 b5 11.Kb1 Be7 12.Bd4 d6 13.f4 Nc4 14.Bxc4 bxc4 15.e5 cxb3
16.exf6 bxc2+ 17.Qxc2 Bxf6 18.Bxf6 gxf6 19.Qa4+ Bd7 20.Qd4 Bc6 21.Qxf6 Rg8
22.f5 Qe7 23.Qh6 O-O-O 24.Rhe1 e5 25.Ne4 Rxg2 26.Nxd6+ Kc7 27.Nc4 Qb4 28.Rc1 Rb8
29.Qe3 Qxb2+  0-1

[Event "3rd Mitropa Cup Junior"]
[Site "Saint Vincent ITA"]
[Date "2002.10.03"]
[Round "8"]
[White "Cernousek,L"]
[Black "Bellaiche,A"]
[Result "1-0"]
[WhiteElo "2294"]
[BlackElo "2369"]

1.e4 c5 2.Nf3 Nc6 3.d4 cxd4 4.Nxd4 e6 5.Nc3 Qc7 6.g3 a6 7.Bg2 d6 8.O-O Bd7
9.Re1 Be7 10.Nxc6 Bxc6 11.a4 Nf6 12.a5 O-O 13.Be3 Rac8 14.Bb6 Qb8 15.Nd5 Rfe8
16.Nxe7+ Rxe7 17.c4 Nd7 18.Ra3 Nxb6 19.axb6 Be8 20.Qb3 Rc5 21.Qb4 Qc8 22.b3 Qd8
23.Rd1 Rd7 24.h4 Rc6 25.e5 dxe5 26.Rxd7 Qxd7 27.Rxa6 f5 28.c5 Rc8 29.Ra2 e4
30.Rd2 Qc6 31.Rc2 Rd8 32.Qc4 h6 33.b4 Kh7 34.Kh2 e5 35.Bf1 Qg6 36.b5 e3 37.c6 f4
38.c7 exf2 39.g4 Qxg4 40.Rxf2 Rd4 41.Bd3+ Bg6 42.Bxg6+ Qxg6 43.Qc2 e4 44.c8=Q Qg3+
45.Kh1 Qxh4+ 46.Kg1 Qh5 47.Rxf4 Rd1+ 48.Rf1 Rxf1+ 49.Kxf1 Qh1+ 50.Ke2 Qf3+
51.Kd2 Qf4+ 52.Kc3 Qe5+ 53.Kb4 Qd6+ 54.Q8c5  1-0

[Event "11th Monarch Assurance"]
[Site "Port Erin IOM"]
[Date "2002.10.04"]
[Round "7"]
[White "Vuilleumier,A"]
[Black "Daly,C"]
[Result "1/2-1/2"]
[WhiteElo "2169"]
[BlackElo "2338"]

1.e4 c5 2.Nf3 e6 3.d4 cxd4 4.Nxd4 Nc6 5.Nc3 d6 6.Be3 Nf6 7.f3 Be7 8.Qd2 a6
9.g4 O-O 10.O-O-O Nxd4 11.Bxd4 b5 12.g5 Nd7 13.h4 Bb7 14.Bh3 Ne5 15.Qg2 Nc4
16.f4 b4 17.Nb1 e5 18.Qe2 Qc7 19.b3 Na3 20.Nxa3 bxa3 21.Ba1 Rfd8 22.Rhf1 a5
23.f5 f6 24.h5 fxg5 25.h6 Bf6 26.hxg7 a4 27.Rh1 Rac8 28.Rd2 Qxg7 29.Bg4 d5
30.exd5 e4 31.Qxe4 Bxa1 32.f6 Bxf6 33.Be6+ Kh8 34.Bxc8 Bxc8 35.Rdh2 Kg8 36.Rxh7 Bb2+
37.Kb1 Qf6 38.R7h6 Bf5 39.Rh8+ Kg7 40.R1h7+ Kg6 41.Rh6+  1/2-1/2

[Event "11th Monarch Assurance"]
[Site "Port Erin IOM"]
[Date "2002.10.04"]
[Round "7"]
[White "Kunte,A"]
[Black "Rayner,F"]
[Result "1/2-1/2"]
[WhiteElo "2477"]
[BlackElo "2219"]

1.e4 c5 2.Nf3 e6 3.d4 cxd4 4.Nxd4 Nc6 5.Nc3 Qc7 6.Be2 a6 7.O-O Nf6 8.Kh1 Nxd4
9.Qxd4 Bc5 10.Qd3 b5 11.a3 Bb7 12.Bg5 Be7 13.f4 d6 14.Bf3 O-O 15.e5 dxe5
16.Bxb7 Qxb7 17.fxe5 Nd5 18.Ne4 h6 19.Bd2 Qc7 20.Rae1 Rac8 21.Qh3 Qxe5 22.Nf6+ Qxf6
23.Rxf6 Bxf6 24.c3 Rfd8 25.Qf3 Rc7 26.g3 Rcd7 27.Re2 Be7 28.Kg2 Bf6 29.Bc1 Rc7
30.Be3 Rcd7 31.Bf2 Rc8 32.h4 Ne7 33.Qf4 Nd5 34.Qg4 Rc4 35.Re4 Rdc7 36.Qe2 Rxe4
37.Qxe4 Rc4 38.Qe1 Kf8 39.Qd1 Kg8 40.Qc2 h5 41.Kf1 g6 42.Qd3 Kg7 43.Qf3 Be5
44.Qe2 Bf6 45.Qf3 Be5 46.Be1 f5 47.Qf2 f4 48.Qa7+ Kf6 49.gxf4 Rxf4+ 50.Bf2 Bc7
51.Ke2 Re4+ 52.Kd3 Kf5 53.Kd2 a5 54.Qc5 Bb6 55.Qf8+ Kg4 56.Bxb6 Nxb6 57.Kd3 Re5
58.a4 Nxa4 59.b4 axb4 60.Qxb4+ Kf3 61.Qf8+ Kg4 62.Qf6 Nb2+ 63.Kd4 Nc4 64.Qxg6+ Kxh4
65.Qg7 Kh3 66.Qg1 h4 67.Qh1+ Kg3 68.Qg1+ Kf3 69.Qf1+ Kg4 70.Qg2+ Kh5 71.Qf2 Kg5
72.Qg2+ Kh6 73.Qg4 Rd5+ 74.Ke4 Re5+ 75.Kd4 Rd5+ 76.Ke4 Re5+ 77.Kd4 Rd5+  1/2-1/2

[Event "3rd Mitropa Cup Junior"]
[Site "Saint Vincent ITA"]
[Date "2002.10.04"]
[Round "9"]
[White "Kurmann,O"]
[Black "Piscopo,P"]
[Result "0-1"]
[WhiteElo "2214"]
[BlackElo "2289"]

1.e4 c5 2.Nc3 Nc6 3.Nge2 e6 4.d4 cxd4 5.Nxd4 Nf6 6.Ndb5 d6 7.Bf4 e5 8.Bg5 a6
9.Na3 b5 10.Nd5 Be7 11.Bxf6 Bxf6 12.c3 Bg5 13.Nc2 O-O 14.a4 bxa4 15.Rxa4 a5
16.Bc4 Rb8 17.b3 Kh8 18.O-O g6 19.Qd3 f5 20.f3 f4 21.Kh1 Bh4 22.b4 Bg3 23.Qd2 Qh4
24.h3 g5 25.b5 g4 26.fxg4 Bxg4 27.Ne1 f3 28.Nxf3 Bxf3 29.Rxf3 Rxf3 30.gxf3 Qxh3+
31.Kg1 Rg8 32.Ra2 Bh2+ 33.Kf2 Rg2+ 34.Ke3 Bf4+  0-1

[Event "FSGM Oct"]
[Site "Budapest HUN"]
[Date "2002.10.05"]
[Round "1"]
[White "Todorovic,GM"]
[Black "Fogarasi,T"]
[Result "1-0"]
[WhiteElo "2467"]
[BlackElo "2466"]

1.e4 c5 2.Nf3 e6 3.d4 cxd4 4.Nxd4 Nc6 5.Nc3 Qc7 6.Ndb5 Qb8 7.Be3 a6 8.Bb6 axb5
9.Nxb5 Bb4+ 10.c3 Ba5 11.Nc7+ Qxc7 12.Bxc7 Bxc7 13.Qg4 Kf8 14.Bb5 Nge7 15.O-O d5
16.exd5 exd5 17.Qe2 Be6 18.a4 h5 19.b4 Ne5 20.a5 g6 21.Rfe1 Kg7 22.Qd2 Nf5
23.c4 dxc4 24.Qc3 f6 25.f4 Bd7 26.Bxd7 Nxd7 27.Qxc4 Bb8 28.Qb5 Ba7+ 29.Kh1 Rhd8
30.Rad1 Bd4 31.Rc1 Kh6 32.Rc7 Nf8 33.g3 Bf2 34.Rf1 Ne6 35.Rf7 Bd4 36.Qxb7 Nf8
37.Qf3 Rac8 38.Rd1 Re8 39.g4 Rc3 40.g5+ fxg5 41.fxg5+ Kxg5 42.h4+ Kxh4 43.Rxd4+ Nxd4
44.Rf4+ Kg5 45.Qxc3 Kxf4 46.Qxd4+ Kg3 47.Qg1+ Kf4 48.a6 Ne6 49.Qxg6  1-0

[Event "FSFMB Oct"]
[Site "Budapest HUN"]
[Date "2002.10.06"]
[Round "2"]
[White "Leks,H"]
[Black "Fodor,I1"]
[Result "1/2-1/2"]
[WhiteElo "2096"]
[BlackElo "2056"]

1.e4 c5 2.Nf3 Nc6 3.d4 cxd4 4.Nxd4 e6 5.Nc3 Qc7 6.Be3 Nf6 7.Bd3 a6 8.O-O Ne5
9.Qe2 Neg4 10.g3 Nxe3 11.fxe3 b5 12.a3 Bb7 13.Qf3 Bc5 14.Rac1 Qb6 15.Nce2 O-O
16.b4 Be7 17.g4 d6 18.h4 Nd7 19.Qh3 Qd8  1/2-1/2

[Event "11th Monarch Assurance"]
[Site "Port Erin IOM"]
[Date "2002.10.06"]
[Round "9"]
[White "Van Kemenade,R"]
[Black "Daly,C"]
[Result "0-1"]
[WhiteElo "2141"]
[BlackElo "2338"]

1.e4 c5 2.Nf3 e6 3.d4 cxd4 4.Nxd4 Nc6 5.Nc3 d6 6.Be3 Nf6 7.Bc4 Be7 8.Qe2 O-O
9.O-O-O a6 10.Rhg1 d5 11.exd5 exd5 12.Bb3 Bb4 13.Qd3 Ne5 14.Qe2 Bxc3 15.bxc3 Ne4
16.Kb2 Qc7 17.Bd2 Qb6 18.Ka1 Qc5 19.f3 Nxd2 20.Qxd2 Bd7 21.f4 Nc4 22.Bxc4 Qxc4
23.Qd3 Qc7 24.Qf3 Rfe8 25.Rge1 Rac8 26.Kb2 Re4 27.Rxe4 dxe4 28.Qxe4 Qxc3+
29.Kb1 Qb4+ 30.Kc1 Qa3+ 31.Kb1 Qb4+ 32.Kc1 Be6 33.Qe5 Bxa2 34.Rd3 f6 35.Qf5 Re8
36.Nb3 Bxb3 37.Rxb3 Re1+ 38.Kb2 Qd4+ 39.Rc3 Re8 40.g3 g6 41.Qd3 Qxd3 42.Rxd3 Re7
43.Rd6 Kf7 44.Kb3 h5 45.c4 Re3+ 46.Kb4 Re2 47.h4 Rg2 48.Rd3 Ke6 49.Kc5 Rb2
50.Rd6+ Kf5 51.Rb6 Rxb6 52.Kxb6 Ke4 53.Kxb7 Kd4 54.Kxa6 Kxc4 55.Kb6 Kd5 56.Kc7 Ke4
57.Kd6 Kf3 58.Ke6 Kxg3 59.Kxf6 Kxf4 60.Kxg6 Kg4 61.Kf6 Kxh4 62.Ke5 Kg3  0-1

[Event "1st Mitropa Cup Women"]
[Site "Saint Vincent ITA"]
[Date "2002.10.06"]
[Round "9"]
[White "Mueller,S"]
[Black "Milliet,S"]
[Result "0-1"]
[WhiteElo "2305"]
[BlackElo "2173"]

1.e4 c5 2.Nf3 e6 3.d4 cxd4 4.Nxd4 Nc6 5.Nc3 Qc7 6.Be2 a6 7.O-O Nf6 8.a3 Nxd4
9.Qxd4 Bc5 10.Qd3 b5 11.Be3 Bb7 12.Bf3 Bd6 13.h3 O-O 14.Rfd1 Be5 15.Bd4 Rac8
16.Rac1 Rfd8 17.Qe2 h6 18.Rd2 Bxd4 19.Rxd4 Qe5 20.Rcd1 Rc5 21.R1d2 Rdc8 22.R2d3 a5
23.Rd2 Ba6 24.Qd1 Bb7 25.R2d3 Rc4 26.Rxc4 Rxc4 27.Re3 b4 28.axb4 axb4 29.Qe2 Ba6
30.Nd1 Bb5 31.Qe1 Qc5 32.c3 b3 33.Be2 Ra4 34.Bxb5 Qxb5 35.f3 Ra1 36.Kf2 Qc5
37.Qd2 d5 38.e5 Nd7 39.f4 Nb6  0-1

[Event "3rd Mitropa Cup Junior"]
[Site "Saint Vincent ITA"]
[Date "2002.10.06"]
[Round "11"]
[White "Isonzo,D"]
[Black "Bellaiche,A"]
[Result "0-1"]
[WhiteElo "2337"]
[BlackElo "2369"]

1.e4 c5 2.Nf3 Nc6 3.d4 cxd4 4.Nxd4 e6 5.Nc3 Qc7 6.Be3 a6 7.Bd3 Nf6 8.O-O Nxd4
9.Bxd4 Bc5 10.Bxf6 gxf6 11.Qg4 Kf8 12.Kh1 h5 13.Qh4 Be7 14.f4 b5 15.a3 Bb7
16.Rad1 Qc5 17.f5 Qe5 18.Be2 Bc6 19.Bf3 Ra7 20.Rfe1 Ba8 21.Nd5 exd5 22.exd5 Qd6
23.Qd4 Rc7 24.Re3 Rc4 25.Qa7 Kg7 26.Rde1 Bd8 27.Re8  0-1

[Event "3rd Autumn Open"]
[Site "Bad Wildbad GER"]
[Date "2002.10.09"]
[Round "6"]
[White "Waldmann,H"]
[Black "Koller,J"]
[Result "1-0"]
[WhiteElo "2332"]
[BlackElo "2119"]

1.e4 c5 2.Nf3 Nc6 3.d4 cxd4 4.Nxd4 e6 5.Nc3 a6 6.g3 Nge7 7.Nde2 d6 8.Bg2 Bd7
9.O-O Nc8 10.b3 Be7 11.Bb2 Bf6 12.h3 O-O 13.Qd2 Qc7 14.Rad1 Rb8 15.Kh2 b5
16.Nf4 Qd8 17.Nh5 Bxc3 18.Qxc3 e5 19.g4 g6 20.Ng3 f6 21.f4 Qa5 22.Qxa5 Nxa5
23.fxe5 fxe5 24.Rxf8+ Kxf8 25.Bxe5 Ke7 26.Bf4 Nc6 27.c3 Be6 28.Ne2 Ne5 29.Nd4 Na7
30.Be3 Nac6 31.Nxc6+ Nxc6 32.Bg5+  1-0

[Event "ch-ESP Open"]
[Site "Ayamonte ESP"]
[Date "2002.10.10"]
[Round "7"]
[White "Perez Candelario,M"]
[Black "Ayas Fernandez,A"]
[Result "1/2-1/2"]
[WhiteElo "2408"]
[BlackElo "2290"]

1.e4 c5 2.Nc3 Nc6 3.Nf3 e6 4.d4 cxd4 5.Nxd4 Nf6 6.Nxc6 bxc6 7.e5 Nd5 8.Ne4 Qc7
9.f4 Qb6 10.c4 Ne3 11.Qd3 Bb4+ 12.Bd2 a5 13.Rc1 O-O 14.h4 f5 15.Nf2 Bc5 16.Qb3 Nxg2+
17.Bxg2 Bxf2+ 18.Ke2 Ba6 19.Qxb6 Bxb6 20.Rc2 Rfb8 21.Rh3 Bd8 22.Be1 Be7 23.Rd3 Ra7
24.Kd1 Bc8 25.Kc1 a4 26.Bf1 Kf7 27.Be2 Ba6 28.b3 axb3 29.axb3 Bc8 30.Kb1 Rba8
31.Bc3 Rb7 32.Be1 Rba7 33.Bc3 Rb7 34.Be1 Rab8 35.Kb2 Ra7 36.Kb1 Rab7 37.Kb2 Ra7
38.Kb1  1/2-1/2

[Event "FSGM Oct"]
[Site "Budapest HUN"]
[Date "2002.10.10"]
[Round "6"]
[White "Suarez,Da"]
[Black "Todorovic,GM"]
[Result "1/2-1/2"]
[WhiteElo "2240"]
[BlackElo "2467"]

1.e4 c5 2.Nc3 e6 3.Nf3 Nc6 4.d4 cxd4 5.Nxd4 Nf6 6.Be3 Bb4 7.Bd3 d5 8.Nxc6 bxc6
9.e5 Nd7 10.Qg4 Bf8 11.Qg3 Qa5 12.O-O Ba6 13.a3 Bxd3 14.cxd3 g6  1/2-1/2

[Event "FIDE Women's World Cup Gp D"]
[Site "Hyderabad IND"]
[Date "2002.10.10"]
[Round "1"]
[White "Wang Pin"]
[Black "Peng Zhaoqin"]
[Result "1-0"]
[WhiteElo "2473"]
[BlackElo "2443"]

1.e4 c5 2.Nf3 Nc6 3.Nc3 e6 4.d4 cxd4 5.Nxd4 Qc7 6.Be2 a6 7.O-O Nf6 8.Kh1 Nxd4
9.Qxd4 Bc5 10.Qd3 b5 11.f4 Bb7 12.Bf3 h5 13.e5 Ng4 14.Bxb7 Qxb7 15.Ne4 Rc8
16.Bd2 Be7 17.Rae1 Qc6 18.f5 h4 19.fxe6 dxe6 20.Qh3 Nxe5 21.Bc3 Qc7 22.Ng5 Bxg5
23.Bxe5 Qe7 24.Bxg7 Rg8 25.Bc3 b4 26.Be5 Rxc2 27.Qd3 Rd2 28.Qxa6 Qd7 29.Re2 Rd5
30.h3 Bd8 31.Qa8 Rg6 32.Qb8 Rd1 33.Rf2 Rxf1+ 34.Rxf1 Qd5 35.Rf2 Rg5 36.Bf6 Qd1+
37.Kh2 Rd5 38.Bxd8 Rxd8 39.Qxb4 Qh5 40.Qg4 Qe5+ 41.Qf4 Qxf4+ 42.Rxf4 Rd2
43.Rb4 Kd7 44.Rb7+ Kd6 45.Rxf7 Rxb2 46.Rf4 Rxa2 47.Rxh4 e5 48.Rh8 Kd5 49.h4 Ke4
50.Kg3 Ra7 51.Rf8 Rg7+ 52.Kf2 Ra7 53.h5 Ra2+ 54.Kg3 Ra6 55.Kg4 Ke3 56.Kg5 e4
57.h6 Ra5+ 58.Kg6 Ra2 59.g4  1-0

[Event "TCh-AUT B"]
[Site "Mitte AUT"]
[Date "2002.10.11"]
[Round "8"]
[White "Wittmann,W"]
[Black "Haba,P"]
[Result "1/2-1/2"]
[WhiteElo "2345"]
[BlackElo "2534"]

1.e4 c5 2.Nf3 e6 3.d4 cxd4 4.Nxd4 Nc6 5.Nc3 Qc7 6.g3 a6 7.Bg2 Nf6 8.O-O Nxd4
9.Qxd4 Bc5 10.Bf4 d6 11.Qd2 h6 12.Rad1 e5 13.Be3 Bg4 14.Bxc5 dxc5 15.f3 Be6
16.Nd5 Bxd5 17.exd5 Qd6 18.f4 O-O 19.fxe5 Qxe5 20.c4 Qd6 21.Qf4 Rfd8 22.Rfe1 Qxf4
23.gxf4 Ne8 24.Re7 Nd6 25.Rde1 Re8 26.Kf2 Kf8 27.Rd7 Red8 28.Ree7 b5 29.b4 Rdc8
30.Rc7 bxc4 31.bxc5 Ne8 32.Rxf7+ Kg8 33.Rce7 Rxc5 34.d6 Rd8 35.d7 Nd6 36.Rxg7+ Kf8
37.Rh7 c3 38.Re1 Nf7 39.Bh3 Kg8 40.Rxf7 Kxf7 41.Be6+ Ke7 42.f5 c2 43.Rc1 Rxd7
44.Bxd7 Kxd7 45.Ke3 Kd6 46.Ke4 Rc8 47.Kd4 Ke7 48.Kd3 Kf6 49.Rxc2 Rxc2 50.Kxc2 Kxf5
51.Kd3 Kg4 52.Ke3 a5 53.a4 Kh3 54.Kf3  1/2-1/2

[Event "4th ZNG111 IM"]
[Site "Opatija CRO"]
[Date "2002.10.11"]
[Round "9"]
[White "Fercec,N"]
[Black "Armanda,I"]
[Result "1-0"]
[WhiteElo "2504"]
[BlackElo "2316"]

1.e4 c5 2.Nf3 e6 3.d4 cxd4 4.Nxd4 Nc6 5.Nc3 Qc7 6.Be3 a6 7.Qd2 Nf6 8.f3 b5
9.O-O-O Bb7 10.g4 h6 11.h4 Bb4 12.Be2 Rc8 13.a3 Be7 14.g5 Nh5 15.Kb1 b4 16.axb4 Bxb4
17.gxh6 Na5 18.hxg7 Rg8 19.Nd5 Bxd5 20.Qxb4 Bc4 21.Bg5 f6 22.Bh6 Kf7 23.Bxc4 Nxc4
24.Nb3 Ne5 25.Qd2 Rgd8 26.f4 Nc4 27.Qf2 Kg8 28.Rhg1 Qc6 29.Qe2 Qb5 30.Rd3 a5
31.Bg5 a4 32.Qxh5  1-0

[Event "FSFMB Oct"]
[Site "Budapest HUN"]
[Date "2002.10.12"]
[Round "8"]
[White "Roth,Jo"]
[Black "Fodor,I1"]
[Result "1/2-1/2"]
[WhiteElo "2166"]
[BlackElo "2056"]

1.e4 c5 2.Nf3 e6 3.d4 cxd4 4.Nxd4 Nc6 5.Nc3 Qc7 6.Be2 a6 7.O-O Nf6 8.Be3 Be7
9.f4 d6 10.a4 O-O 11.Qe1 Nxd4 12.Bxd4 e5 13.Be3 exf4 14.Rxf4 Be6 15.Rd1 Nd7
16.Qg3 Ne5  1/2-1/2

[Event "TCh-CZE 2002-3"]
[Site "Czech Rep CZE"]
[Date "2002.10.13"]
[Round "2"]
[White "Walek,M"]
[Black "Bauma,J"]
[Result "1-0"]
[WhiteElo "2317"]
[BlackElo "2188"]

1.e4 c5 2.Nf3 Nc6 3.Nc3 e6 4.d4 cxd4 5.Nxd4 Nf6 6.Nxc6 dxc6 7.Qxd8+ Kxd8
8.Bf4 Bb4 9.O-O-O+ Ke7 10.f3 Rd8 11.Be2 Bxc3 12.bxc3 b6 13.Rxd8 Kxd8 14.Rd1+ Nd7
15.h4 Ke8 16.Bd6 e5 17.g3 f6 18.f4 exf4 19.gxf4 Nc5 20.Bh5+ g6 21.Bf3 Be6
22.Bxc5 bxc5 23.Rd6 Ke7 24.Rxc6 Rc8 25.Ra6 Rc7 26.Be2 Bc8 27.Ra5 Kd6 28.Kd2 h6
29.Ba6 Be6 30.Bd3 Bc8 31.c4 Ke6 32.Rb5 g5 33.hxg5 hxg5 34.Ke3 gxf4+ 35.Kxf4 Kd6
36.Rb8 Ke6 37.Be2 Kd6 38.c3 Be6 39.a4 Rh7 40.Rd8+ Rd7 41.Rh8 Rg7 42.a5 Rg2
43.Bf3 Rg7 44.Rd8+ Rd7 45.Rb8 Bxc4 46.Bg4 Rc7 47.Bh5 Be6 48.Rd8+ Ke7 49.Rh8 Kd6
50.Rh6 Ke7 51.Bg4 Bxg4 52.Rh7+ Kd6 53.Rxc7 Kxc7 54.Kxg4 Kd6 55.Kf5 Ke7 56.e5 fxe5
57.Kxe5 c4 58.Kd4 Kd7 59.Kxc4 Kc6 60.Kb4 Kb7 61.Kb5 Kc7 62.Kc5 Kb7 63.Kd6 Ka6
64.c4 Kxa5 65.c5 Kb4 66.c6  1-0

[Event "TCh-CZE 2002-3"]
[Site "Czech Rep CZE"]
[Date "2002.10.13"]
[Round "2"]
[White "Klima,L"]
[Black "Suran,J"]
[Result "1/2-1/2"]
[WhiteElo "2409"]
[BlackElo "2388"]

1.e4 c5 2.Nf3 Nc6 3.d4 cxd4 4.Nxd4 e6 5.Nc3 Qc7 6.g3 a6 7.Bg2 Nf6 8.O-O d6
9.Nxc6 bxc6 10.Na4 Bb7 11.c4 c5 12.Re1 Nd7 13.b3 Be7 14.Bb2 Bf6 15.Bxf6 Nxf6
16.e5 Bxg2 17.exf6 Bb7 18.fxg7 Rg8 19.Qg4 O-O-O 20.Nc3 Qc6 21.Qe4  1/2-1/2

[Event "FSGM Oct"]
[Site "Budapest HUN"]
[Date "2002.10.14"]
[Round "10"]
[White "Horvath,Cs"]
[Black "Fogarasi,T"]
[Result "1/2-1/2"]
[WhiteElo "2506"]
[BlackElo "2466"]

1.e4 c5 2.Nf3 Nc6 3.d4 cxd4 4.Nxd4 e6 5.Nc3 Qc7 6.Be2 a6 7.O-O Nf6 8.Be3 Bb4
9.Na4 O-O 10.Nxc6 bxc6 11.Nb6 Rb8 12.Nxc8 Rfxc8 13.Bxa6 Rf8 14.Bd3 Bd6 15.h3 Be5
16.Rb1 Bxb2 17.c4 c5 18.Qe2 Bc3 19.Rb5 d6 20.Rfb1 h6  1/2-1/2

[Event "FIDE Women's World Cup Gp D"]
[Site "Hyderabad IND"]
[Date "2002.10.14"]
[Round "5"]
[White "Ramaswamy,A"]
[Black "Peng Zhaoqin"]
[Result "1/2-1/2"]
[WhiteElo "2271"]
[BlackElo "2443"]

1.e4 c5 2.Nf3 Nc6 3.Nc3 e6 4.d4 cxd4 5.Nxd4 Qc7 6.Be2 a6 7.O-O Nf6 8.Be3 Bb4
9.Na4 Be7 10.Nxc6 bxc6 11.Nb6 Rb8 12.Nxc8 Qxc8 13.Bd4 c5 14.Be5 Rb6 15.Qd3 O-O
16.b3 d6 17.Bc3 Nd7 18.Rad1 Bf6 19.Ba5 Rc6 20.Qg3 Bd4 21.Kh1 Re8 22.f4 Bf6
23.Bf3 e5 24.Bg4 Qb7 25.Bxd7 Qxd7 26.f5 c4 27.Bd2 cxb3 28.cxb3 Rc2 29.a4 Qc6
30.Qd3 h5 31.Rc1 Rc8 32.Rxc2 Qxc2 33.Qxa6 Rb8 34.Qa7 Rxb3 35.Qa8+ Kh7 36.Qd5 Rb1
37.Kg1 Rxf1+ 38.Kxf1 Qxa4 39.Qxf7 Qd1+ 40.Be1 Qd3+ 41.Kf2 Qd4+ 42.Kf1 Qd3+
43.Kf2 Qd4+ 44.Kf1  1/2-1/2

[Event "FIDE World Cup Gp C"]
[Site "Hyderabad IND"]
[Date "2002.10.14"]
[Round "5"]
[White "Kasimdzhanov,R"]
[Black "Al Modiahki,M"]
[Result "1-0"]
[WhiteElo "2653"]
[BlackElo "2550"]

1.e4 c5 2.Nf3 e6 3.d4 cxd4 4.Nxd4 Nc6 5.Nc3 Qc7 6.Be3 a6 7.Qd2 Nf6 8.O-O-O Bb4
9.f3 Ne5 10.Nb3 d5 11.Bd4 O-O 12.a3 Bd6 13.exd5 exd5 14.Qf2 b5 15.g4 Be6
16.Bd3 Nfd7 17.Bf5 Nc4 18.Rhe1 Rfe8 19.Kb1 Rac8 20.Re2 Bxf5 21.gxf5 Rxe2
22.Qxe2 Qc6 23.Qg2 Bf8 24.Rg1 f6 25.f4 Nd6 26.Qxd5+ Qxd5 27.Nxd5 Kf7 28.Ne3 Re8
29.c3 Nb8 30.Kc2 Nc6 31.Kd3 Ne7 32.Nc5 a5 33.a4 bxa4 34.Nxa4 Nexf5 35.Nxf5 Nxf5
36.Bb6 Bd6 37.Rf1 Nh4 38.c4 Ng2 39.c5 Nxf4+ 40.Kc4 Re4+ 41.Kb5 Be5 42.Bxa5 Ne6
43.b4 Nd4+ 44.Kb6 Bxh2 45.c6 Ne6 46.Nc5 Nxc5 47.Kxc5 Ke6 48.b5 Bd6+ 49.Kb6 Rc4
50.Re1+ Be5 51.Kb7 Rc5 52.c7 Kd5  1-0

[Event "19th Muensterland Open"]
[Site "Senden GER"]
[Date "2002.10.17"]
[Round "8"]
[White "Postler,R"]
[Black "Alekseev,V BLR"]
[Result "0-1"]
[WhiteElo "2283"]
[BlackElo "2405"]

1.e4 c5 2.Nf3 e6 3.d4 cxd4 4.Nxd4 Nc6 5.Nc3 a6 6.g3 Nge7 7.Bg2 Nxd4 8.Qxd4 Nc6
9.Qd1 Be7 10.O-O O-O 11.a4 Qc7 12.f4 d6 13.g4 Bd7 14.Kh1 Rab8 15.Qe2 Na5
16.Qe1 Rfc8 17.g5 Qd8 18.Rf3 Nc6 19.h4 b5 20.axb5 axb5 21.Be3 b4 22.Nd1 Na5
23.Rf2 Nc4 24.Bc1 b3 25.cxb3 Rxb3 26.Ne3 Qb6 27.Nxc4 Rxc4 28.Rf3 Bc6 29.Rxb3 Qxb3
30.Ra3 Qb7 31.Rc3 Ra4 32.b3 Ra1 33.Kh2 Rb1 34.Qd1 Bxe4 35.Bxe4 Qxe4 36.Rc8+ Bf8
37.Qxd6 Qe2+  0-1

[Event "Essent Open"]
[Site "Hoogeveen NED"]
[Date "2002.10.19"]
[Round "9"]
[White "Shaposhnikov,E"]
[Black "Quinn,M"]
[Result "1/2-1/2"]
[WhiteElo "2544"]
[BlackElo "2429"]

1.e4 c5 2.Nf3 e6 3.d4 cxd4 4.Nxd4 Nc6 5.Nc3 Qc7 6.Be2 a6 7.Be3 Nf6 8.f4 d6
9.g4 Nxd4 10.Bxd4 d5 11.e5 Ne4 12.Nxe4 dxe4 13.Qd2 b5 14.O-O-O Be7 15.Qe3 Bb7
16.Kb1 Rc8 17.Rd2 Bd5 18.f5 h6 19.h4 Bc5 20.fxe6 fxe6 21.g5 hxg5 22.Bxc5 Qxc5
23.Qxg5 O-O 24.Rg1 Rc7 25.Rg3 Rf5 26.Qd8+ Rf8 27.Qg5 Rf5 28.Qd8+ Rf8 29.Qg5 Rf5
30.Qd8+ Rf8 31.Qg5 Rf5  1/2-1/2

[Event "Bundesliga 2002-3"]
[Site "Baden-Baden GER"]
[Date "2002.10.20"]
[Round "2"]
[White "Svidler,P"]
[Black "Macieja,B"]
[Result "1-0"]
[WhiteElo "2690"]
[BlackElo "2615"]

1.e4 c5 2.Nf3 e6 3.d4 cxd4 4.Nxd4 Nc6 5.Nc3 Qc7 6.Be2 a6 7.O-O Nf6 8.Be3 Bb4
9.Na4 Bd6 10.g3 b5 11.Nb6 Rb8 12.Nxc8 Rxc8 13.c4 Nxd4 14.Bxd4 bxc4 15.Rc1 Qb8
16.Bxc4 a5 17.Qe2 e5 18.Be3 O-O 19.Bg5 Be7 20.Rfd1 Rc7 21.b3 Qb6 22.Bxf6 Bxf6
23.Rd5 a4 24.Rcd1 axb3 25.Bxb3 Qa7 26.Qf3 Re8 27.Rd6 Re7 28.h4 Qb7 29.Qf5 Qa7
30.h5  1-0

[Event "Bundesliga 2002-3"]
[Site "Baden-Baden GER"]
[Date "2002.10.20"]
[Round "2"]
[White "Zeller,F"]
[Black "Emms,J"]
[Result "0-1"]
[WhiteElo "2454"]
[BlackElo "2520"]

1.e4 c5 2.Nf3 e6 3.d4 cxd4 4.Nxd4 Nc6 5.Nc3 Qc7 6.g3 a6 7.Bg2 Nf6 8.O-O Bc5
9.Nb3 Ba7 10.Bg5 Ne5 11.a4 d6 12.Qe2 h6 13.Bc1 Bd7 14.Kh1 Qc4 15.Qe1 Qc7
16.f4 Nc4 17.Qe2 Rc8 18.g4 h5 19.g5 Ng4 20.Rf3 Qb6 21.Qe1 Nf2+ 22.Rxf2 Qxf2
23.Qxf2 Bxf2 24.Nd1 Ba7 25.c3 g6 26.Nd4 e5 27.Ne2 Bg4  0-1

[Event "Senior WM"]
[Site "Naumburg GER"]
[Date "2002.10.21"]
[Round "1"]
[White "Beckel,F"]
[Black "Shestoperov,A"]
[Result "0-1"]
[WhiteElo "2141"]
[BlackElo "2464"]

1.e4 c5 2.Nf3 e6 3.d4 cxd4 4.Nxd4 Nc6 5.Nc3 a6 6.Nxc6 bxc6 7.Bd3 d5 8.O-O Nf6
9.Re1 Bb7 10.e5 Nd7 11.Na4 Qc7 12.Bf4 c5 13.c4 d4 14.b3 f5 15.Be2 Be7 16.Bf3 O-O
17.Bxb7 Qxb7 18.Qh5 Rf7 19.Rad1 g6 20.Qh6 Qc6 21.Rd3 Bf8 22.Qh4 Be7 23.Qh6 Kh8
24.Rh3 Rg8 25.Bg5 Bxg5 26.Qxg5 f4 27.Nb2 f3 28.Nd3 fxg2 29.Qxg2 Qc7 30.f4 Rf5
31.Kh1 a5 32.Rg1 a4 33.bxa4 Nb6 34.Rb1 Rf7 35.a5 Nxc4 36.a6 Na5 37.Qd2 c4
38.Nb4 d3 39.Kg1 g5 40.fxg5 Qb6+ 41.Kh1 Nc6 42.Rb2 Rf1+  0-1

[Event "Before Thunder Storm"]
[Site "Tel Aviv ISR"]
[Date "2002.10.22"]
[Round "3"]
[White "Gershkowich,D"]
[Black "Caspi,I"]
[Result "1-0"]
[WhiteElo "2216"]
[BlackElo "2135"]

1.e4 c5 2.Nf3 e6 3.Nc3 Nc6 4.d4 cxd4 5.Nxd4 d6 6.Be3 Nf6 7.Bc4 a6 8.Qe2 Qc7
9.O-O-O Na5 10.Bd3 b5 11.g4 b4 12.Na4 Bb7 13.f3 Be7 14.b3 Nd7 15.Bd2 Bf6
16.Qe3 Nc5 17.Kb1 Nxa4 18.bxa4 Qc5 19.Ne2 Bc6 20.g5 Be7 21.Qd4 e5 22.Qxb4 Qxb4+
23.Bxb4 Rb8 24.a3 d5 25.exd5 Bxa4 26.Ka2 Bxb4 27.axb4 Rxb4 28.Ka3 Rh4 29.f4 Bb5
30.Bxb5+ axb5 31.Kb4 Nc4 32.Kxb5 Nd6+ 33.Kc6 Ke7 34.Ra1 Rc8+ 35.Kb6 Rxc2
36.Rhe1 Nc4+ 37.Kb5 Nd6+ 38.Kb6 Nc8+ 39.Kb5 Kd6 40.fxe5+ Kxe5 41.Nd4+ Kxd4
42.Ra4+ Kxd5 43.Rxh4 Rb2+ 44.Ka5 Rg2 45.Rd1+ Ke5 46.Rc1 Ne7 47.Rb4 Nd5 48.Rb7 Rf2
49.Kb5 Kd6 50.Rc6+ Ke5 51.Rc4 Kd6 52.Ka5 Ra2+ 53.Ra4 Rf2 54.h4 Kc6 55.Rb1 Rc2
56.Ka6 Rc5 57.Ka7 Nc7 58.Kb8 Nd5 59.Ra6+ Kd7 60.Rb7+ Nc7 61.Raa7 Ke6 62.Rxc7  1-0

[Event "Blue Autumn"]
[Site "Bucharest ROM"]
[Date "2002.10.23"]
[Round "1"]
[White "Lupulescu,C"]
[Black "Manolache,M"]
[Result "1-0"]
[WhiteElo "2480"]
[BlackElo "2437"]

1.e4 c5 2.Nf3 e6 3.Nc3 Nc6 4.d4 cxd4 5.Nxd4 Nf6 6.Ndb5 Bb4 7.a3 Bxc3+ 8.Nxc3 d5
9.exd5 exd5 10.Bd3 O-O 11.O-O d4 12.Ne2 Re8 13.Bg5 Re5 14.Qd2 Bf5 15.Bxf5 Rxf5
16.Rad1 h6 17.Bh4 Ne4 18.Bxd8 Nxd2 19.Rxd2 Rxd8 20.Rfd1 Rc8 21.Ng3 Rb5 22.b3 Ra5
23.a4 Re5 24.Re2 Rc5 25.Ne4 Re5 26.f4 Re6 27.Kf2 Rc7 28.Rdd2 Nb4 29.Rxd4 Nxc2
30.Rd8+ Kh7 31.f5 Ree7 32.g4 Nb4 33.g5 Nc6 34.Rd6 hxg5 35.Nxg5+ Kg8 36.b4 Rxe2+
37.Kxe2 Re7+ 38.Kf3 Rd7 39.Rxd7 Ne5+ 40.Ke3 Nxd7 41.Ne4 Nb6 42.Nc5 Nd5+ 43.Kd4 Nxb4
44.Nxb7 Nc2+ 45.Kc5 Kf8 46.Nd6 Ne3 47.a5 a6 48.Kb6 Ke7 49.Ne4 Kd7 50.Kxa6 Kc6
51.f6 gxf6 52.Nxf6 Nc4 53.h4 Kd6 54.Ne4+ Ke6 55.h5 f6 56.Kb5 Nxa5 57.Kxa5 Kf7
58.Nf2 Kg7 59.Nh3 Kh6 60.Nf4 f5 61.Kb5  1-0

[Event "10th Chigorin Mem"]
[Site "St Petersburg RUS"]
[Date "2002.10.25"]
[Round "1"]
[White "Polivanov,A"]
[Black "Bocharov,D"]
[Result "1-0"]
[WhiteElo "2395"]
[BlackElo "2502"]

1.e4 c5 2.Nc3 e6 3.Nge2 Nc6 4.d4 cxd4 5.Nxd4 a6 6.Nxc6 bxc6 7.Bd3 d5 8.O-O Nf6
9.Bg5 Be7 10.e5 Nd7 11.Bxe7 Qxe7 12.f4 O-O 13.Qd2 c5 14.b3 Bb7 15.Kh1 Nb6
16.Qf2 d4 17.Ne4 Nd5 18.f5 f6 19.Qh4 Ne3 20.fxe6 Nxf1 21.Rxf1 Bxe4 22.Bxe4 g5
23.Qh5 Ra7 24.exf6 Qxe6 25.Qxg5+ Kh8 26.Bd5 Qe3 27.Qg4 Qe5 28.Bc4 a5 29.h3 Rc7
30.Rf5 Qe1+ 31.Kh2 Qe8 32.Qf4 Qd8 33.f7 Re7 34.Rg5 Rexf7 35.Bxf7 Rxf7 36.Qxf7  1-0

[Event "10th Chigorin Mem"]
[Site "St Petersburg RUS"]
[Date "2002.10.25"]
[Round "1"]
[White "Ermolaev,A"]
[Black "Yagupov,I"]
[Result "0-1"]
[WhiteElo "2354"]
[BlackElo "2468"]

1.e4 c5 2.Nf3 e6 3.d4 cxd4 4.Nxd4 Nc6 5.Nc3 Qc7 6.Be3 a6 7.Qd2 Nf6 8.Bf4 e5
9.Nxc6 exf4 10.Nd4 Bb4 11.O-O-O O-O 12.Bd3 d5 13.exd5 Nxd5 14.Bxh7+ Kh8 15.Be4 Nxc3
16.bxc3 Bxc3 17.Qe2 Qc5 18.Rd3 g6 19.Nb3 Qa3+ 20.Kd1 Bg7 21.Qf3 Qxa2 22.Qxf4 Qb1+
23.Nc1 Be6 24.h4 f5 25.Bf3 Rad8 26.Be2 Rc8 27.Qd2 f4 28.h5 g5 29.g4 fxg3
30.fxg3 Bf5 31.Rf1 Bxd3 32.Rxf8+ Rxf8 33.Bxd3 g4 34.c3 Qb6 35.Ne2 Bh6 36.Nf4 Qg1+
37.Kc2 Qxg3 38.Ng6+ Kg7 39.Qd1 Rf2+ 40.Kb3 Qf3 41.Bc2 Qxd1 42.Bxd1 g3  0-1